Statistics for The Only American Country ...

Click here to take the quiz!

General Stats

  • This quiz has been taken 86,410 times
    (86,350 since last reset)
  • The average score is 14 of 20

Answer Stats

The only country that ...Country% Correct
has won five FIFA World CupsBrazil
98%
has a maple leaf on its flagCanada
97%
is 4,300 km long, but only
200 km wide
Chile
96%
starts with JJamaica
95%
is bisected by a canalPanama
94%
is communistCuba
91%
shares a border with HaitiDominican Republic
91%
does not use the metric systemUnited States
88%
ends in UPeru
76%
was the birthplace of a popeArgentina
72%
has greater oil reserves than Saudi ArabiaVenezuela
70%
is entirely south of the Tropic of CapricornUruguay
67%
uses Dutch as an official languageSuriname
66%
has two official capitalsBolivia
61%
had more than 3.5 annual tourists
for every resident in 2018
Bahamas
53%
where Bitcoin is legal tenderEl Salvador
52%
has a capital that starts with AParaguay
52%
has a per-capita GDP under $5,000
(2024, PPP)
Haiti
49%
uses the Quetzal as its currencyGuatemala
40%
was invaded by the U.S. in the early 1980sGrenada
35%

Score Distribution

Percentile by Number Answered

Percent of People with Each Score

Your Score History

You have not taken this quiz since the last reset